Ukovej kováři podkovy polka /
| Main Author: | Pecha, Antonín, 1959- |
|---|---|
| Language: | Czech |
| Published: |
Praha : Kubešovo hudební vydavatelství, c1994 |
| Series: |
Pro dobrou náladu
Původní noty orchestru Veselka Ladislava Kubeše |
| Physical Description: |
1 řídící hlas + 13 hlasů ; 15 x 21 cm |
| LEADER | 01275ncm a2200361 a 4500 | ||
|---|---|---|---|
| 001 | 000718988 | ||
| 003 | CZ BrMZK | ||
| 005 | 20040614132348.0 | ||
| 007 | q | ||
| 008 | 040531s1994 xr dfaae X cze | ||
| 020 | |a 80-85367-77-7 | ||
| 028 | 0 | 1 | |a 10-0018 |b Kubešovo hudební vydavatelství |
| 040 | |a BOA001 |b cze | ||
| 047 | |a df | ||
| 048 | |a of |b vu | ||
| 072 | 7 | |a 788 |x Hudba pro dechové nástroje |2 Konspekt |9 9 | |
| 080 | |a 78.087 |2 MRF | ||
| 080 | |a 785.12 |2 MRF | ||
| 080 | |a 78.085.2 |2 MRF | ||
| 100 | 1 | |a Pecha, Antonín, |d 1959- |7 mzk2005290039 |4 cmp | |
| 245 | 1 | 0 | |a Ukovej kováři podkovy |h [hudebnina] : |b polka / |c upravil Antonín Pecha, text lidový |
| 260 | |a Praha : |b Kubešovo hudební vydavatelství, |c c1994 | ||
| 300 | |a 1 řídící hlas + 13 hlasů ; |c 15 x 21 cm | ||
| 490 | 1 | |a Pro dobrou náladu ; |v 18 | |
| 490 | 1 | |a Původní noty orchestru Veselka Ladislava Kubeše | |
| 650 | 0 | 7 | |a dechová hudba |7 ph119353 |2 czenas |
| 650 | 0 | 4 | |a polky (zpěv, dechová hudba) |
| 655 | 7 | |a hlasy |7 fd186703 |2 czenas | |
| 830 | 0 | |a Pro dobrou náladu | |
| 830 | 0 | |a Původní noty orchestru Veselka Ladislava Kubeše | |
| 910 | |a BOA001 |b Mus2-1134.811 | ||
| 990 | |a MU | ||
| 996 | 6 | |b 2610220080 |c Mus2-1134.811 |l MZK |r Sklad / do 1 hodiny |n 1 |w 000718988 |u 000010 |a 1 |e BOA001 |j MZK50 |s P | |
English
Čeština 